000 02174nam a22002297a 4500
005 20260515115421.0
008 260422b |||||||| |||| 00| 0 eng d
040 _cAL
041 _aeng
082 _a346.043
_bBIRL
100 _aS G Biradar
_9263997
245 _aLand acquisition a paradigm shift
260 _aDharwad
_bBirsons Enterprises and Consultancy Services
_c2018
300 _axxvi,389p
_bHB
_c22.5x14.5cm
365 _2Law
_a1343
_b₹487.50
_c
_d₹650.00
_e25%
_f14-03-2026
520 _aThe "paradigm shift" referenced in the title refers to the transition from the colonial-era Land Acquisition Act of 1894 to the modern Right to Fair Compensation and Transparency in Land Acquisition, Rehabilitation and Resettlement Act, 2013 (LARR Act). International Journal of Law Fair Compensation: Biradar's work explores the determination of compensation and the legal guarantee of rights for project-affected families, which was often missing or outdated under previous laws. Karnataka Context: The text is frequently cited in the Karnataka State Law University (KSLU) syllabus for LL.B. students, particularly for units covering the Karnataka Land Revenue Act, 1964 and related local amendments. Launch and Recognition: The book was officially launched at the KAS Officers Association in January 2019. KSLU KSLU +8 Would you like to explore specific sections of the Karnataka Land Revenue Act or more details on the SIA process mentioned in Biradar's work? International Journal of Law +1 Key Concepts and Context Legislative Shift: The book discusses how the 2013 Act replaced the 1894 Act, moving from a government-centric "eminent domain" model to a more participative and transparent process. Mandatory Social Impact Assessment (SIA): A major focus is the requirement for an expert committee to conduct an SIA before any land notification, ensuring a "humane and participative" approach.
650 _2a
_aNovelty and Dynamism
_9262291
650 _aOffences and Penalties
_9262292
650 _aResettlement Authority
_9262293
650 _aNew Law relating to land acquisition rehabilitation and resettlement
_9262294
942 _2ddc
_cBK
999 _c241326
_d241326